01214nam a22002177a 4500003000800000008004100008040003000049080001100079100002900090245024800119260009800367300002100465502016000486650009200646655001800738700003000756710005600786942001300842999001700855952012400872BI-BuBU260625b2025 bd fr|||| 000 0 fre d aBI-BuBUcBI-BuBUdBI-BuBU a613.221 4aut.aNijebariko,Evelyne10aEtude des facteurs responsables de la survenue des carences alimentaires chez les enfants de 6-59mois au camp des déplacés de Giasagara à Mubimbi dans la province de Bujumbura au BurundibicEvelyne Nijebariko; Felix Karikurubu, directeur aBujumburabUniversité du Burundi, East African nutritional Sciences Institute (EANSI)c2025 aXI-64 f.c30 cm. aMémoire présenté et défendu publiquement en vue de l'obtention du diplôme de master en nutrition et Santé Option : Nutrition et Santé pubique 72BI-BuBUaEnfant (6-59 mois)xcarence alimentairezMubimbi (Province Bujumbura)zBurundi 72BI-BuBUabook1 4dir.aKarikurubu, Felix  4aut.a East African nutritional Sciences Institute  2udccMEM c54090d54090 00102udc4070985956aBCbBCd2026-06-25edon de l'auteurl0o613.22 NIJ.p5010000673215r2026-06-25w2026-06-25yMEM